Creating American jobs and assuring the safety and security of America's waterways : a review of the Coast Guard's 5-year capital improvement plan : hearing before the Subcommittee on Coast Guard and Maritime Transportation of the Committee on Transportation and Infrastructure, House of Representatives, One Hundred Twelfth Congress, second session, May 16, 2012.

Bibliographic Details
Corporate Author: United States. Congress. House. Committee on Transportation and Infrastructure. Subcommittee on Coast Guard and Maritime Transportation
Format: Government Document eBook
Language:English
Published: Washington : U.S. G.P.O., 2012.
Subjects:
Online Access:https://purl.fdlp.gov/GPO/gpo27399

MARC

Tag First Indicator Second Indicator Subfields
LEADER 00000cam a2200000 a 4500
001 in00002781829
005 20211120170028.0
006 m d f
007 cr bn|||||||||
008 120827s2012 dcub o f000 0 eng c
035 |a (OCoLC)ocn808371214 
040 |a GPO  |c GPO  |d GPO  |d MvI  |d UtOrBLW 
042 |a pcc 
043 |a n-us--- 
049 |a WWW 
050 1 4 |a KF27  |b .P89627 2012d 
074 |a 1024-C-01 (online) 
086 0 |a Y 4.T 68/2:112-86 
110 1 |a United States.  |b Congress.  |b House.  |b Committee on Transportation and Infrastructure.  |b Subcommittee on Coast Guard and Maritime Transportation. 
245 1 0 |a Creating American jobs and assuring the safety and security of America's waterways :  |b a review of the Coast Guard's 5-year capital improvement plan : hearing before the Subcommittee on Coast Guard and Maritime Transportation of the Committee on Transportation and Infrastructure, House of Representatives, One Hundred Twelfth Congress, second session, May 16, 2012. 
264 1 |a Washington :  |b U.S. G.P.O.,  |c 2012. 
300 |a 1 online resource (xii, 26 pages) :  |b map. 
336 |a text  |b txt  |2 rdacontent 
337 |a computer  |b c  |2 rdamedia 
338 |a online resource  |b cr  |2 rdacarrier 
500 |a Title from title screen (viewed on Aug. 27, 2012). 
500 |a Paper version available for sale by the Supt. of Docs., U.S. G.P.O. 
500 |a "112-86." 
500 |a Electronic resource. 
610 1 0 |a United States.  |b Coast Guard  |x Procurement. 
610 1 0 |a United States.  |b Coast Guard  |x Appropriations and expenditures. 
610 1 0 |a United States.  |b Coast Guard  |x Planning. 
650 0 |a Government vessels  |z United States. 
650 0 |a Ships  |x Purchasing  |z United States. 
650 0 |a Government aircraft  |z United States. 
650 0 |a Airplanes  |x Purchasing  |z United States. 
650 0 |a Coast defenses  |z United States  |x Finance. 
650 0 |a Search and rescue operations  |z United States  |x Finance. 
776 0 8 |i Print version:  |a United States. Congress. House. Committee on Transportation and Infrastructure. Subcommittee on Coast Guard and Maritime Transportation.  |t Creating American jobs and assuring the safety and security of America's waterways  |w (OCoLC)808368382 
776 0 8 |i Microfiche:  |a United States. Congress. House. Committee on Transportation and Infrastructure. Subcommittee on Coast Guard and Maritime Transportation.  |t Creating American jobs and assuring the safety and security of America's waterways  |w (OCoLC)815789284 
856 4 0 |u https://purl.fdlp.gov/GPO/gpo27399  |t 0 
999 |a MARS 
999 f f |s 7341a49c-3a59-3a61-b5f8-1c5fff809cc9  |i 8ec8ace4-1985-393c-b480-72573d71860b  |t 0 
952 f f |a Texas A&M University  |b College Station  |c Electronic Resources  |d Available Online  |t 0  |e Y 4.T 68/2:112-86  |h Superintendent of Documents classification 
998 f f |a Y 4.T 68/2:112-86  |t 0  |l Available Online